000 00459nam a2200181Ia 4500
003 0100
008 130303s9999 xx 000 0 und d
040 _cARRUPELIB
050 _aHC110.R61P86 1979
100 _aRodgers, Harrell R
245 _aPoverty Amid Plenty
245 _bA Political and Economic Analysis
260 _aReading, Massachusetts
260 _bAddison-Wesley Publishing Company Inc
260 _C1979
300 _a222p
942 0 0 _03
999 _c27038
_d27038